South Eastern Kenya University

Library Online Public Access Catalogue


Survival guide for the beginning speech-language clinician / (Record no. 6163)

MARC details
000 -LEADER
fixed length control field 00498cam a22001814a 4500
020 ## - ISBN
International Standard Book Number 0890799814 (soft cover : alk. paper)
050 00 - LIBRARY OF CONGRESS CALL NUMBER
Classification Number RC 428.5
Item Number .M49 2004
100 1# - MAIN ENTRY--Author
Personal name Meyer, Susan Moon.
245 10 - TITLE
Title Survival guide for the beginning speech-language clinician /
Statement of responsibility, etc Susan Moon Meyer.
250 ## - EDITIONSTATEMENT
Edition statement 2nd ed.
260 ## - PUBLICATION, DISTRIBUTION, ETC.(IMPRINT)
Place of publication, distribution, etc Austin, Tex. :
Name of publisher, distributor, etc Pro-Ed,
Date of publication, distribution, etc c2004.
300 ## - PHYSICAL DESCRIPTION
Extent , 368 p. :
650 #0 - SUBJECT--TOPIC
General subdivision Practice.
650 12 - SUBJECT--TOPIC
General subdivision therapy.
650 22 - SUBJECT--TOPIC
General subdivision therapy.
650 22 - SUBJECT--TOPIC
General subdivision methods.
942 ## - ADDED ENTRY ELEMENTS(KOHA)
Source of classification or shelving scheme Library of Congress Classification
Koha item type General circulation
Holdings
Source of classification or shelving scheme Not for loan Location (home branch) Sublocation (holding branch) Shelving location Date accessioned Full call number Barcode Koha item type Public note
Library of Congress Classification   Main Campus Library Main Campus Library   16/07/2015 RC 428.5 .M49 2004 2015/003449 General circulation smo
Kitui, Kenya.
+254736116989
library@seku.ac.ke